Central Library OPAC University of Rajshahi

An intellectual history of Islam in India / (Record no. 32761)

MARC details
000 -LEADER
fixed length control field 00807nam a2200265 a 4500
001 - CONTROL NUMBER
control field 32761
003 - CONTROL NUMBER IDENTIFIER
rucl marc code BD-RjUL
005 - DATE AND TIME OF LATEST TRANSACTION
control field 20211209051906.0
008 - FIXED-LENGTH DATA ELEMENTS--GENERAL INFORMATION
fixed length control field 161205s1969 stkf b 001 0 eng d
035 ## - SYSTEM CONTROL NUMBER
System control number (BD-RjUL)32851
040 ## - CATALOGING SOURCE
Original cataloging agency DLC
Transcribing agency DLC
Modifying agency DLC
-- WaU
-- DLC
-- BD-RjUL
Language of cataloging eng
041 ## - LANGUAGE CODE
Language code of text/sound track or separate title eng
082 00 - DEWEY DECIMAL CLASSIFICATION NUMBER
Classification number 297.0954
Author mark and year AHI 1969
Edition number 23
100 0# - MAIN ENTRY--PERSONAL NAME
Personal name Aḥmad, Aziz
Dates associated with a name 1913-1978.
9 (RLIN) 77581
245 13 - TITLE STATEMENT
Title An intellectual history of Islam in India /
Statement of responsibility, etc. Aziz Ahmad
260 ## - PUBLICATION, DISTRIBUTION, ETC. (IMPRINT)
Place of publication, distribution, etc. Edinburgh :
Name of publisher, distributor, etc. Edinburgh U.P.,
Date of publication, distribution, etc. 1969.
300 ## - PHYSICAL DESCRIPTION
Pagination x, 226 p. :
Illustrations ill. ;
Size 21 cm.
350 ## - PRICE (NR) (BK AM CF MU VM SE) [OBSOLETE]
Price 30/-
504 ## - BIBLIOGRAPHY, ETC. NOTE
Bibliography, etc Bibliography: p. 179-191. and Index
650 #0 - SUBJECT ADDED ENTRY--TOPICAL TERM
Topical term or geographic name as entry element Islamic civilization.
9 (RLIN) 99616
Topical term or geographic name as entry element Muslims
Geographic subdivision India.
9 (RLIN) 99617
651 #0 - SUBJECT ADDED ENTRY--GEOGRAPHIC NAME
Geographic name India
General subdivision Civilization.
9 (RLIN) 99618
942 ## - ADDED ENTRY ELEMENTS (KOHA)
Source of classification or shelving scheme Dewey Decimal Classification
Koha item type Books
Holdings
Lost status Source of classification or shelving scheme Damaged status Not for loan Collection code Permanent Location Current Location Shelving location Date acquired Source of acquisition Cost, normal purchase price Total Checkouts Full call number Date last seen Copy number Koha item type
  Dewey Decimal Classification     Non-fiction Central Library, University of Rajshahi Central Library, University of Rajshahi   27/10/1970 sweets & zettinger 30.00   297.0954 AHI 1969 28/04/2014 C-2 Books
  Dewey Decimal Classification     Non-fiction Central Library, University of Rajshahi Central Library, University of Rajshahi   30/07/1970 Zeitlinger 30.00   297.0954 AHI 1969 25/07/2016 C-3 Books
  Dewey Decimal Classification   Not For Loan Non-fiction Central Library, University of Rajshahi Central Library, University of Rajshahi Reading Room 27/10/1970 Swits & Zillinger 30.00   297.0954 AHI 1969 05/12/2016 C-1 Books